01458cam a2200361 i 4500001001000000003001000010005001700020007000300037008004100040010001500081020002500096020002200121040008000143041000800223082002300231245012100254264005200375264001200427300004500439336002700484337003300511338002800544504005400572505017200626563001400798650003000812700003100842700003500873942000700908945001200915952015200927999001701079768714001CO-MdFUSB20210513123356.0ta070308t2007 miua b 001 0 eng  a2007009082 a9780801034237 (pbk.) a080103423X (pbk.) aDLCcCO-MdFUSBdBTCTAdCO-MdFUSBdBAKERdC#PdYDXCPdCBCdUtOrBLWbspaerda aeng 223a230.041bC3975 aCentral themes in biblical theology :bmapping unity in diversity c/ editado por Scott J. Hafemann , Paul R. House. 1aGrand Rapids, Mich. :bBaker Academic, c[2007] 4c© 2007 a329 páginas :bilustraciones ;c23 cm. 2rdacontentatextobtxt 2rdamediaasin mediaciónbn 2rdacarrieravolumenbnc aIncluye referencias bibliográficas e índices. aLa relación del pacto - Los mandamientos de Dios - La expiación - El siervo del Señor - El día del Señor - El pueblo de Dios - La historia de la redención. aRùstico 7aTeología doctrinal91791 aHafemann, Scott J.eeditor1 aHouse, Paul R.,d1958-eeditor cBK aJTF-925 00102ddc40708GENaFUSBCbFUSBCd2020-06-10eDonación Karakeyl0oG 230.041 C397cp6004r2020-06-10 00:00:00tEj.1w2020-06-10yBKk2IINV2023 c66086d66086